Caricamento...

Macroeconomics : theory, evidence and policy /

Dettagli Bibliografici
Autore principale: Caurpagna, Anthonys
Natura: Printed Book
Lingua:English
Pubblicazione: Boston: Honghton Mifflin Co., 1974.
Soggetti:
LEADER 00538 a2200133 4500
008 100208b ||||| |||| 00| 0 eng d
082 |a 339 
100 |a Caurpagna, Anthonys. 
245 |a Macroeconomics :  |b theory, evidence and policy /  |c Anthonys Caurpagna 
260 |b Honghton Mifflin Co.,  |a Boston:  |c 1974. 
650 |a Macroeconomics 
942 |c BK 
999 |c 310967  |d 310967 
952 |0 0  |1 0  |2 ddc  |4 0  |6 339_000000000000000_CAU_M  |7 0  |9 357059  |a ECN  |b ECN  |c GEN  |d 2010-09-07  |e India Book House, Madras  |g 0.00  |i 1478  |l 0  |o 339 CAU/M  |p ECN1478  |r 2010-09-07  |w 2010-09-07  |y BK